Očekávat v Bělorusku politické změny prostřednictvím voleb je iluze

Parlamentné voľby a referendum k tretej kandidatúre bieloruského prezidenta Lukašenka. Jednostranná volebná kampaň a tlak na voliča. Víťazstvo Aleksandra Lukašenka a jeho stúpencov. Slabá činnosť opozície a absencia opozičného vodcu.

Gespeichert in:
Bibliographische Detailangaben
1. Verfasser: Gombos, Lubomír
Format: Buchkapitel
Sprache:Tschechisch
Schlagworte:
Tags: Tag hinzufügen
Keine Tags, Fügen Sie das erste Tag hinzu!

MARC

LEADER 00000naa$a2200000$$$4500
001 0024229
005 20231016091538.3
041 0 |a cze 
044 |a CZ 
245 1 0 |a Očekávat v Bělorusku politické změny prostřednictvím voleb je iluze  |c Lubomír Gombos 
520 |a Parlamentné voľby a referendum k tretej kandidatúre bieloruského prezidenta Lukašenka. Jednostranná volebná kampaň a tlak na voliča. Víťazstvo Aleksandra Lukašenka a jeho stúpencov. Slabá činnosť opozície a absencia opozičného vodcu. 
610 2 0 |a politika vnútorná 
610 2 0 |a voľby 
610 2 0 |a orgány zastupiteľské 
610 2 0 |a referendum 
610 2 0 |a kampane volebné 
610 2 0 |a prezidenti 
610 2 0 |a opozícia 
610 2 0 |a ideológia 
610 2 0 |a poslanci 
610 2 0 |a Bielorusko 
100 1 |a Gombos, Lubomír